000 00534nam a2200169Ia 4500
999 _c35439
_d35439
003 OSt
005 20201216094913.0
008 190216s9999||||xx |||||||||||||| ||und||
040 _coclc
082 _a616.079
_bBAT/I
100 _aBattisto, Jack R
_97537
245 0 _aImmunological Tolerance To Self And Non Self /
_cJack R Battisto
260 _bThe New York Acadmey Of Sciences,
_c1982.
_aNew York:
300 _a435p
650 _aGeneral Collections
942 _cREF
_2ddc
_h616.079
_iBAT/I
_k616.079
_mBAT/I